Представление документа в формате MARC21

Поле Инд. ПП Название Значение
Тип записи a
Библиографический уровень b
001 Контрольный номер RU/IS/BASE/312464919
005 Дата корректировки 20200522191350.1
008 Кодируемые данные 20091125
040 b Код языка каталог. rus
e Правила каталог. PSBO
041 0_ a Код языка текста rus
084 a Индекс другой классификации/Индекс ББК 87.25; 60.023; 28в
100 1_ a Автор Яхнин Е. Д.
q Полное имя Яхнин Евгений Давыдович
245 10 a Заглавие Дарвиновская триада и эволюция
504 a Библиография Библиогр.: с. 114 - 115
650 14 a Основная рубрика биология
a Основная рубрика социальная философия
a Основная рубрика философия
a Основная рубрика философия науки
653 a Ключевые слова антропогенез
a Ключевые слова биология человека
a Ключевые слова биосфера
a Ключевые слова дарвинизм
a Ключевые слова коллективный разум
a Ключевые слова наследственность
a Ключевые слова общество
a Ключевые слова природа
a Ключевые слова социум
a Ключевые слова философия биологии
a Ключевые слова эволюция
a Ключевые слова эволюция человечества
773 08 t Заглавие источника Вопросы философии
d Дата издания источника 2009
g Прочая информация № 10. - С. 105 - 115 : табл.
w Контрольный № источника RU/IS/BASE/310225843
901 t Тип документа b